<?xml version="1.0" encoding="UTF-8"?>
<record
    xmlns:xsi="http://www.w3.org/2001/XMLSchema-instance"
    xsi:schemaLocation="http://www.loc.gov/MARC21/slim http://www.loc.gov/standards/marcxml/schema/MARC21slim.xsd"
    xmlns="http://www.loc.gov/MARC21/slim">

  <leader>01118nam a2200301 a 4500</leader>
  <datafield tag="999" ind1=" " ind2=" ">
    <subfield code="c">357745</subfield>
    <subfield code="d">357745</subfield>
  </datafield>
  <controlfield tag="001">000000146960</controlfield>
  <controlfield tag="003">IT-MiSPE</controlfield>
  <controlfield tag="005">20180120112237.0</controlfield>
  <controlfield tag="008">120329s2000    it     | b    00| 0 ita d</controlfield>
  <datafield tag="020" ind1=" " ind2=" ">
    <subfield code="a">9788833912547</subfield>
  </datafield>
  <datafield tag="035" ind1=" " ind2=" ">
    <subfield code="a">(BNCF)rav0673940</subfield>
  </datafield>
  <datafield tag="040" ind1=" " ind2=" ">
    <subfield code="a">IT-RoPUS</subfield>
    <subfield code="b">ita</subfield>
    <subfield code="c">IT-MiSPE</subfield>
  </datafield>
  <datafield tag="082" ind1="0" ind2="4">
    <subfield code="a">227.107</subfield>
    <subfield code="2">21</subfield>
  </datafield>
  <datafield tag="100" ind1="1" ind2=" ">
    <subfield code="9">107886</subfield>
    <subfield code="a">Agamben, Giorgio</subfield>
    <subfield code="e">autore</subfield>
    <subfield code="4">aut</subfield>
  </datafield>
  <datafield tag="245" ind1="1" ind2="3">
    <subfield code="a">Il tempo che resta :</subfield>
    <subfield code="b">Un commento alla Lettera ai Romani /</subfield>
    <subfield code="c">Giorgio Agamben.</subfield>
  </datafield>
  <datafield tag="260" ind1=" " ind2=" ">
    <subfield code="a">Torino :</subfield>
    <subfield code="b">Bollati-Boringhieri,</subfield>
    <subfield code="c">2000.</subfield>
  </datafield>
  <datafield tag="300" ind1=" " ind2=" ">
    <subfield code="a">177 p. ;</subfield>
    <subfield code="c">22 cm.</subfield>
  </datafield>
  <datafield tag="490" ind1="1" ind2=" ">
    <subfield code="a">Saggi.</subfield>
    <subfield code="a">Storia, filosofia e scienze sociali</subfield>
  </datafield>
  <datafield tag="504" ind1=" " ind2=" ">
    <subfield code="a">Bibliogr. p. [169]-173.</subfield>
  </datafield>
  <datafield tag="630" ind1="0" ind2="7">
    <subfield code="9">110797</subfield>
    <subfield code="a">Biblia.</subfield>
    <subfield code="p">N.T.</subfield>
    <subfield code="p">Ad Romanos</subfield>
    <subfield code="x">Commenti</subfield>
    <subfield code="2">nsbncf</subfield>
  </datafield>
  <datafield tag="830" ind1=" " ind2="0">
    <subfield code="a">Saggi.</subfield>
    <subfield code="p">Storia, filosofia e scienze sociali.</subfield>
    <subfield code="9">56739</subfield>
  </datafield>
  <datafield tag="856" ind1="4" ind2="0">
    <subfield code="3">Risorsa digitale</subfield>
    <subfield code="u">http://digilib.pusc.it/handle/123456789/3274</subfield>
  </datafield>
  <datafield tag="942" ind1=" " ind2=" ">
    <subfield code="a">IT-MiSPE</subfield>
    <subfield code="c">BK</subfield>
    <subfield code="2">ddc</subfield>
  </datafield>
  <datafield tag="983" ind1=" " ind2="0">
    <subfield code="a">Saggi [Bollati-Boringhieri].</subfield>
  </datafield>
  <datafield tag="952" ind1=" " ind2=" ">
    <subfield code="0">0</subfield>
    <subfield code="1">0</subfield>
    <subfield code="2">ddc</subfield>
    <subfield code="4">0</subfield>
    <subfield code="6">227_100000000000000_RM_AGA_GI_23087</subfield>
    <subfield code="7">1</subfield>
    <subfield code="a">CINISELLO</subfield>
    <subfield code="b">CINISELLO</subfield>
    <subfield code="d">2018-01-20</subfield>
    <subfield code="l">0</subfield>
    <subfield code="o">227.1 Rm* AGA gi (23087)</subfield>
    <subfield code="p">9788833912547</subfield>
    <subfield code="r">2018-01-20 00:00:00</subfield>
    <subfield code="w">2018-01-20</subfield>
    <subfield code="y">BK</subfield>
  </datafield>
</record>
